000 00266nam a22001217a 4500
999 _c164828
_d164828
082 _a
_b
100 _aVanaja K
245 _aSameekshaka sashya/
_cby Vanaja K.
260 _aMathura:
_bJawahar Pustakalaya,
_c2008.
300 _a117p.
650 _a
942 _cBK